Drink brands by their animal logo - Statistics

General Stats
  • This quiz has been taken 69 times
  • The average score is 1 of 7
Answer Stats
Picture Hint Answer % Correct
Energy Drink Red Bull
80%
Soda Coca Cola
53%
Milk Nesquick
6%
Soda 7-up
0%
Soda A &W Rootbeer
0%
Energy Drink Shark Energy
0%
Milk The California Dairy
0%
No matching quizzes found
Score Distribution
Percent of People with Each Score
Percentile by Number Answered
Your Score History
You have not taken this quiz